000 00837 a2200229 4500
999 _c2331
_d2331
020 _a0072485604 (alk. paper)
020 _a0072485647 (CDROM)
050 0 0 _aLB1028FRA2003
100 1 _aFraenkel, Jack R
_d1932-
245 1 0 _aHow to design and evaluate research in education :
_cJack R. Fraenkel and Norman E. Wallen.
_bStudent Workbook /
250 _a5th ed.
264 _aBoston:
_bMc Graw-Hill,
_c2003
300 _axxxiv, 623, 12, 9, 6 p. :
_bill.
500 _aIncludes index
504 _aIncludes bibliographical references and index.
650 0 _aEducation
_xResearch
_xMethodology.
650 0 _aEducation
_xResearch
_xEvaluation.
650 0 _aProposal writing in educational research.
700 1 _aWallen, Norman E.
942 _2lcc
_cBK
_h1028
_iFRA
_kLB